| 000 | 00450nam a22001697a 4500 | ||
|---|---|---|---|
| 005 | 20160628092014.0 | ||
| 008 | 160628b xxu||||| |||| 00| 0 eng d | ||
| 020 | _a81-259-1289-4 | ||
| 041 | _aeng | ||
| 082 | _b10689 | ||
| 100 |
_aVenkatasubramanian, Dr.K. _93005 |
||
| 245 | _aTransformation of India asa kuouledge super power | ||
| 260 |
_aNew Delhi _bVikas Publishing House, _c2003 |
||
| 300 | _a204 | ||
| 650 |
_aManagement _9241 |
||
| 942 | _cBK | ||
| 999 |
_c4345 _d4344 |
||